|
|
|
|
| LEADER |
00000nab a2200000u 4500 |
| 001 |
vtls011765443 |
| 003 |
SK-MaSNL |
| 005 |
20260303082133.0 |
| 008 |
180704|20180702xo ||||||| ||00 ||slo| |
| 038 |
|
|
|a KEVKJB
|
| 040 |
|
|
|a KEVKJB
|b slo
|e rda
|
| 041 |
0 |
|
|a slo
|
| 043 |
|
|
|a e-xo---
|
| 044 |
|
|
|a xo
|c SK
|
| 072 |
|
7 |
|a 796
|x Šport. Hry. Telesné cvičenia
|2 konspekt
|
| 080 |
|
|
|a 796.342
|2 2011
|
| 100 |
1 |
|
|a Hakl, Róbert
|4 aut
|9 877264
|
| 245 |
1 |
0 |
|a Hala na Aničke je zatvorená už pätnásť rokov. Mesto jej dražbu odložilo
|b zámer predať chátrajúci tenisový objekt
|c Robo Hakl
|
| 300 |
|
|
|b Fotografie
|
| 336 |
|
|
|a text
|b txt
|2 rdacontent
|
| 337 |
|
|
|a bez média
|b n
|2 rdamedia
|
| 338 |
|
|
|a zväzok
|b nc
|2 rdacarrier
|
| 610 |
2 |
7 |
|a Anička (Košice, Slovensko : rekreačná oblasť)
|2 kevkjb
|9 877982
|
| 650 |
0 |
7 |
|a tenisové haly
|2 kevkjb
|9 991234
|
| 651 |
|
7 |
|a Košice (Slovensko)
|2 kevkjb
|9 18694
|
| 773 |
0 |
|
|t KOŠICE:DNES
|g Roč. 5, č. 126 (2.7.2018), s. 2-3
|x 1339-7605
|
| 852 |
|
|
|a KEVKJB
|b KIS3GCP
|
| 856 |
4 |
1 |
|u https://kosicednes.sk/tema-dna/hala-na-anicke-je-zatvorena-uz-patnast-rokov-mesto-jej-drazbu-odlozilo/
|
| 999 |
|
|
|c 1786902
|d 1788832
|